[Event "Gibraltar Masters playoff 15th"]
[Site "Caleta"]
[Date "2017.02.02"]
[Round "2.2"]
[White "Nakamura, Hikaru"]
[Black "Anton Guijarro, David"]
[Result "1-0"]
[WhiteElo "2785"]
[BlackElo "2650"]
[Annotator "Navara,D"]
[PlyCount "109"]
[EventDate "2017.02.02"]
[EventType "k.o. (rapid)"]
[EventRounds "2"]
[EventCountry "GGB"]
[SourceTitle "CBM 177"]
[Source "ChessBase"]
[SourceDate "2017.03.16"]
[SourceVersion "1"]
[SourceVersionDate "2017.03.16"]
[SourceQuality "1"]

{The tie-break was played in the evening after an exhausting tournament. Still,
Hikaru Nakamura managed to cope with tiredness and win both tie-break matches
to secure the first place. Very few people can compete with him on equal terms
in rapid and blitz!} 1. Nf3 Nf6 2. d4 e6 3. c4 b6 4. g3 Bb7 5. Bg2 Be7 6. O-O
O-O 7. Nc3 Ne4 8. Bd2 Bf6 9. Rc1 d6 10. d5 Nxc3 11. Bxc3 Bxc3 12. Rxc3 e5 13.
e4 a5 14. Nd2 Nd7 15. f4 Qe7 {White has a big space advantage, but Black's
position remains very solid.} 16. Nf3 f6 (16... exf4 $6 17. gxf4 Qxe4 $2 {
loses to} 18. Ne5 Qf5 19. Bh3 {.}) 17. Re1 Nc5 18. Rce3 Bc8 19. Qc2 Bd7 20. b3
Rfb8 21. a3 b5 22. cxb5 Rxb5 23. Nd2 Rb7 24. Rb1 Be8 (24... Bb5 {(to prevent
White's knight from reaching a5) might have been more circumspect.}) 25. b4
axb4 26. axb4 Nd7 27. Nc4 Nf8 28. Na5 Rba7 29. f5 {White has gained an edge.
Black lacks counterplay, which is very unpleasant for an active player,
especially in a rapid game.} g6 30. g4 h5 $6 31. Bf3 $6 ({After} 31. gxh5 g5 {
Black could not regain the pawn. It is not so simple for White to break
through, but he should gradually succeed. Even some weird moves like} 32. h6
Qh7 33. Rh3 {leave Black a pawn down without any counterplay.}) 31... Qh7 (
31... h4 32. Qf2 g5 {would leave Black suffering on the queenside.}) 32. Kh1
Qh6 33. Rc3 Nh7 $2 {The idea is good, but its implementation is not.} (33...
hxg4 34. Bxg4 Nh7 {would offer Black the desired counterplay.}) 34. fxg6 $1
Bxg6 35. gxh5 Bxh5 36. Qf2 $6 (36. Bxh5 Qxh5 37. Qf2 $1 {was stronger, as now
the black bishop could retreat to e8 or g6.}) 36... Bxf3+ $6 37. Rxf3 Kh8 38.
Rg1 $18 {White develops a dangerous attack while Black's rooks remain stuck on
the queenside.} Ra6 39. Qf1 $3 {White nicely combines play on both flanks. He
eyes the unfortunate rook and at the same time prepares 40.Rh3.} R6a7 40. Rh3
Qf4 41. Qe2 ({The simplest way to the victory was} 41. Qg2 c5 (41... Qg5 42.
Rg3 Qh6 43. Rg8+) 42. dxc6 $18 {.}) 41... Rg8 $6 ({By playing} 41... f5 {
, Black could prolong his resistance.}) 42. Rxh7+ Kxh7 43. Qh5+ Qh6 44. Qxh6+
Kxh6 45. Rxg8 $18 {The rest is simple.} Ra6 46. Kg2 Rb6 47. Nc6 Ra6 48. Ne7 Ra4
49. Nf5+ Kh5 50. h4 Rxb4 51. Kh3 Rc4 52. Rh8+ Kg6 53. h5+ Kg5 54. Ng3 Rc3 55.
Rg8+ {The Gibraltar Open is a beautifully organised event. The tournament
attracts the world elite as well as many other strong players. This year the
tournament was even stronger than in the previous editions. I would like to
congratulate the winners and wish the organisers (as well as the players) a
lot of success in continuing the established tradition!} 1-0

[Event "PRO League KO Stage"]
[Site "Chess.com INT"]
[Date "2017.03.08"]
[Round "2"]
[White "Nakamura, Hikaru"]
[Black "Pichot, Alan"]
[Result "0-1"]
[WhiteElo "2793"]
[BlackElo "2556"]
[PlyCount "71"]
[EventDate "2017.03.01"]
[EventType "team-k.o."]
[EventRounds "5"]
[EventCountry "USA"]
[SourceTitle "CBM 177 Extra"]
[Source "ChessBase"]
[SourceDate "2017.04.27"]
[SourceVersion "1"]
[SourceVersionDate "2017.04.27"]
[SourceQuality "1"]
[WhiteTeam "Miami Champions"]
[BlackTeam "Buenos Aires Krakens"]
[WhiteTeamCountry "USA"]
[BlackTeamCountry "ARG"]

1. d4 Nf6 2. c4 e6 3. g3 d5 4. Bg2 Bb4+ 5. Nd2 O-O 6. Ngf3 b6 7. O-O Bb7 8.
cxd5 exd5 9. a3 Bd6 10. b4 Nbd7 11. Bb2 Re8 12. e3 Ne4 13. Qb3 Ndf6 14. Rac1 a5
15. b5 a4 16. Qd3 Ra5 17. Bc3 Nxc3 18. Rxc3 Ne4 19. Rc2 Qd7 20. Rb1 Qe7 21.
Rbc1 Bxa3 22. Rxc7 Bxc1 23. Rxe7 Rxe7 24. Qc2 Nxd2 25. Nxd2 Bxd2 26. Bxd5 Bb4
27. Ba2 Bd6 28. Kf1 g6 29. d5 a3 30. Qc4 Rc7 31. Qh4 Rc1+ 32. Kg2 Rxb5 33. e4
Rb2 34. Qf6 Bc5 35. d6 Rxf2+ 36. Qxf2 0-1

[Event "USA-ch"]
[Site "Saint Louis"]
[Date "2017.04.08"]
[Round "10"]
[White "Zherebukh, Yaroslav"]
[Black "Nakamura, Hikaru"]
[Result "0-1"]
[WhiteElo "2605"]
[BlackElo "2793"]
[Annotator "Moradiabadi,E"]
[PlyCount "42"]
[EventDate "2017.03.29"]
[EventType "tourn"]
[EventRounds "11"]
[EventCountry "USA"]
[EventCategory "18"]
[SourceTitle "CBM 178"]
[Source "ChessBase"]
[SourceDate "2017.05.14"]
[SourceVersion "1"]
[SourceVersionDate "2017.05.14"]
[SourceQuality "1"]

1. e4 c6 {After a heart-breaking loss to Alex Onischuk, super-GM Hikaru
Nakamura went ballistic today and rolled over Yaroslav Zherebukh who was
pinned to the ground after a dream start, sharing first after seven rounds
with Wesley So.} 2. d4 d5 {Caro-Kann, a surprise for Zherebukh for sure!} 3.
Nc3 dxe4 4. Nxe4 Bf5 5. Ng3 Bg6 6. Nh3 {I am not sure if this is Zherebukh's
main repertoire or if he decided to avoid a theoretical debate with Nakamura.}
Nf6 7. Nf4 Nbd7 8. Bc4 Qc7 9. O-O e6 10. c3 {Came after a long thought.} (10.
Re1 Bd6 (10... O-O-O {is the right move which leads to a double-edged game!})
11. Rxe6+ $3 {A Tal-like sacrifice in the 21st century! It only leads to a
draw though!} fxe6 12. Nxe6 Qb6 13. Qe2 Ke7 (13... Bxg3 14. hxg3 Be4 15. b3 Bd5
16. Ng5+ Kd8 17. Bxd5 Nxd5 18. c4 Re8 19. Ne6+ Rxe6 20. Qxe6 N5f6 21. Bf4 c5
22. Bd6 cxd4 23. c5 Qc6 24. Re1 b6 25. b4 bxc5 26. bxc5 d3 27. Be7+ Kc7 28.
Bd6+ Kc8 29. Qe3 Qd5 30. Rd1 Qe4 31. Qc1 Qd4 32. Bf4 Ng4 33. c6 Nc5 34. Qd2 g5
35. Be3 Nxe3 36. fxe3 Qd6 37. Qa5 g4 38. Rc1 d2 39. Rd1 Rb8 40. Qxa7 Qxc6 41.
Qxh7 Qe4 42. Qh8+ Kc7 43. Qc3 Qd5 44. e4 Qd6 45. e5 Qb6 46. e6 Kb7 47. Kh2 Qxe6
48. Rxd2 Kc6 49. Qd4 Qh6+ 50. Kg1 Rb1+ 51. Rd1 Rxd1+ 52. Qxd1 Qe3+ 53. Kh2 Qh6+
54. Kg1 Qe3+ 55. Kh2 Qe4 56. Qd8 Kb5 57. Qc7 Qe6 58. Qf4 Ne4 59. Qe3 Qc4 60.
Qf4 Qe2 61. Qb8+ Kc6 62. Qe8+ Kc7 63. a4 Nc3 64. Qf7+ Kc8 65. a5 Nd5 {1/2-1/2 
(65) Azarov,S (2635)-Lenderman,A (2601) Greensboro 2014}) 14. Bg5 Qxb2 15. Re1
Qxc2 16. Bd2 Nb6 17. Nxg7+ Kd7 18. Bb3 Qd3 19. Qe6+ Kc7 20. Qxf6 Raf8 21. Ne6+
Kd7 22. Nxf8+ Rxf8 23. Qg7+ Kc8 24. Bh6 Qc3 25. Rf1 a5 26. Bg5 Re8 {1-0 (26)
Duda,J (2658)-Ivanchuk,V (2726) Berlin 2015}) ({Zherebukh might also have
challenged his higher rated opponent by going for it with} 10. Bxe6 $5 fxe6 11.
Nxe6 Qd6 12. Re1 {and while quite unclear, it will be a lot more fun to play
as White than defend as Black.}) 10... Bd6 11. Qf3 c5 $5 {An interesting
novelty by Nakamura.} 12. dxc5 Bxc5 13. Bb3 O-O-O {Things are getting critical
and Zherebukh's reaction is far from optimal!} 14. Nxg6 $6 (14. Qe2 Ne5 15.
Nxg6 hxg6 16. Bf4 Bd6 {is better than what Zherebukh did!}) 14... hxg6 15. Bf4
$2 {Complete loss of time!} (15. Bg5 Ne5 16. Qf4 {is ugly but necessary.})
15... e5 $1 16. Be3 e4 17. Qe2 Bxe3 (17... Rxh2 {is more accurate.} 18. Bxc5 (
18. Kxh2 Bxe3) 18... Rdh8 19. Be3 Rh1+ 20. Nxh1 Qh2#) 18. Qxe3 $2 {Zherebukh
does not sense the trouble and runs into checkmate.} (18. fxe3 {was a must.})
18... Rxh2 $3 {Checkmate comes soon!} 19. Rfd1 Rdh8 20. Qxa7 e3 $1 {One of the
two winning moves.} 21. Qxe3 Ng4 {A classic for the future!} (21... Ng4 22. Qf3
Rh1+ 23. Nxh1 Rxh1+ 24. Kxh1 Qh2#) 0-1

[Event "chess.com Speed 1m+1spm 2017"]
[Site "Chess.com INT"]
[Date "2017.12.16"]
[Round "3.21"]
[White "Karjakin, Sergey"]
[Black "Nakamura, Hikaru"]
[Result "1/2-1/2"]
[WhiteElo "2783"]
[BlackElo "2786"]
[PlyCount "132"]
[EventDate "2017.05.03"]
[EventType "k.o. (blitz)"]
[EventRounds "4"]
[EventCountry "USA"]
[SourceTitle "EXT 2019"]
[Source "ChessBase"]
[SourceDate "2018.10.10"]
[SourceVersion "1"]
[SourceVersionDate "2018.10.10"]
[SourceQuality "1"]

1. e4 e6 2. d4 b6 3. Nc3 Bb7 4. Bd3 Bb4 5. Nge2 Nf6 6. a3 Be7 7. O-O d5 8. exd5
Nxd5 9. Ne4 Nd7 10. c4 N5f6 11. Qc2 Bxe4 12. Bxe4 Nxe4 13. Qxe4 O-O 14. Rd1 Nf6
15. Qc2 Qd7 16. Bf4 Bd6 17. Bg5 Be7 18. h3 h6 19. Be3 Rad8 20. Rd3 c5 21. Rad1
cxd4 22. Nxd4 Qc8 23. Qa4 Rd7 24. Nc6 Rb7 25. b4 Rc7 26. b5 Qb7 27. Bf4 Bc5 28.
Bxc7 Qxc7 29. Qc2 Ne4 30. Rf3 Ng5 31. Rfd3 Ne4 32. Rf1 Qf4 33. Qe2 Ng3 34. Qf3
Qxf3 35. gxf3 Nxf1 36. Kxf1 Ra8 37. a4 a6 38. Rd8+ Rxd8 39. Nxd8 axb5 40. cxb5
Kf8 41. Nc6 f6 42. a5 bxa5 43. Nxa5 Ke8 44. Nc4 Kd7 45. Kg2 e5 46. Kg3 Ke6 47.
f4 exf4+ 48. Kxf4 Bxf2 49. Kf3 Bc5 50. h4 h5 51. b6 Bd6 52. b7 Bc7 53. Ne3 g5
54. hxg5 fxg5 55. Ke4 Bb8 56. Nf5 Kf6 57. Nd4 g4 58. Nc6 Bc7 59. b8=Q Bxb8 60.
Nxb8 Kg5 61. Ke3 Kh4 62. Kf2 Kh3 63. Kg1 h4 64. Nc6 Kg3 65. Nd4 h3 66. Nf5+ Kf4
1/2-1/2

[Event "Moscow FIDE GP"]
[Site "Moscow"]
[Date "2017.05.14"]
[Round "3"]
[White "Tomashevsky, Evgeny"]
[Black "Nakamura, Hikaru"]
[Result "1/2-1/2"]
[WhiteElo "2696"]
[BlackElo "2786"]
[PlyCount "50"]
[EventDate "2017.05.12"]
[EventType "swiss"]
[EventRounds "9"]
[EventCountry "RUS"]
[SourceTitle "CBM 179"]
[Source "ChessBase"]
[SourceDate "2017.07.12"]
[SourceVersion "1"]
[SourceVersionDate "2017.07.12"]
[SourceQuality "1"]

1. d4 Nf6 2. c4 e6 3. Nc3 Bb4 4. e3 O-O 5. Bd3 c5 6. Nf3 d5 7. O-O cxd4 8. exd4
dxc4 9. Bxc4 b6 10. Bg5 Bb7 11. Qe2 Bxc3 12. bxc3 Nbd7 13. Ne5 Rc8 14. Bb3 Rxc3
15. Rac1 Rxc1 16. Rxc1 Nxe5 17. dxe5 h6 18. Rd1 Qc7 19. Bxf6 gxf6 20. exf6 Qf4
21. Rd7 Ba8 22. h3 a5 23. Bxe6 fxe6 24. Qxe6+ Kh8 25. Qe7 Qc1+ 1/2-1/2

[Event "Paris GCT Rapid"]
[Site "Paris"]
[Date "2017.06.22"]
[Round "4"]
[White "Nakamura, Hikaru"]
[Black "Bacrot, Etienne"]
[Result "1-0"]
[WhiteElo "2785"]
[BlackElo "2708"]
[Annotator "Yermolinsky,A"]
[PlyCount "51"]
[EventDate "2017.06.21"]
[EventType "tourn (rapid)"]
[EventRounds "9"]
[EventCountry "FRA"]
[EventCategory "22"]
[SourceTitle "CBM 179"]
[Source "ChessBase"]
[SourceDate "2017.07.12"]
[SourceVersion "1"]
[SourceVersionDate "2017.07.12"]
[SourceQuality "1"]

1. Nf3 d5 2. g3 Nf6 3. Bg2 e6 4. O-O Be7 5. d3 b6 6. Nbd2 Bb7 7. e4 dxe4 $5 8.
dxe4 Nc6 9. a3 a5 10. e5 Nd7 11. Re1 Nc5 12. Qe2 O-O {Black is playing
dangerous games by leaving his king short of defenders, but things are far
from simple.} 13. h4 (13. Ne4 Qd5 14. Nc3 Nd4 15. Nxd5 Nxe2+ 16. Rxe2 Bxd5 17.
Nd4 $14 {is nice for White, but from Black's perspective it's much superior to
getting mated.}) 13... h6 ({Here, and on the next two moves, Bacrot should
have been looking at} 13... Qd5 $1 {Centralization is the key. The obvious
tactical point is} 14. Nf1 $4 Nd4 $19) 14. Nf1 a4 {Inconsequential.} (14... Qd5
15. N1h2 (15. Rd1 Qe4 {Black always welcomes a queen trade in this structure.})
15... Nd4 16. Qd2 Nf5 {That knight will help Black to shore up his K-side
defenses.}) 15. N1h2 Qc8 $2 (15... Qd5 16. Bf4 Rfd8 17. Qe3 Qc4 18. Rac1 Nd4
$11) 16. Ng4 Rd8 {Bacrot shows his contempt for White's imposing build-up.} (
16... h5 17. Ngh2 Ba6 18. Qe3 {and White will go on with g3-g4}) 17. Nxh6+ $1 {
Punishment comes his way.} gxh6 18. Bxh6 f5 ({Better chances of defending are
offered by} 18... Kh7 {particularly if White follows a direct line,} 19. Bg5 ({
I like} 19. Be3 Kg7 20. Qc4 Rh8 21. Rad1 {more.}) 19... Nd4 20. Nxd4 Bxg5 21.
Qh5+ Bh6 22. Qxf7+ Kh8 23. Bxb7 Qxb7 24. Nxe6 Nxe6 25. Qxe6 Bg7 26. Qg4 {
The four pawns are nice, but White no longer has the firepower to checkmate
the black king.}) 19. exf6 Bxf6 20. Ng5 Qd7 21. Qg4 Bg7 22. Rad1 Qe7 23. Rxd8+
Rxd8 24. Nxe6 Rd4 25. Qxg7+ Qxg7 26. Nxg7 {A business-like demolition job by
Nakamura.} 1-0

[Event "Paris GCT Rapid"]
[Site "Paris"]
[Date "2017.06.23"]
[Round "7"]
[White "Vachier Lagrave, Maxime"]
[Black "Nakamura, Hikaru"]
[Result "1-0"]
[WhiteElo "2796"]
[BlackElo "2785"]
[Annotator "Yermolinsky,A"]
[PlyCount "93"]
[EventDate "2017.06.21"]
[EventType "tourn (rapid)"]
[EventRounds "9"]
[EventCountry "FRA"]
[EventCategory "22"]
[SourceTitle "CBM 179"]
[Source "ChessBase"]
[SourceDate "2017.07.12"]
[SourceVersion "1"]
[SourceVersionDate "2017.07.12"]
[SourceQuality "1"]

1. e4 e5 2. Nf3 Nc6 3. Bc4 Bc5 4. c3 Nf6 5. d3 d6 6. O-O a6 7. a4 O-O 8. Re1
Ba7 9. h3 Ne7 10. d4 Ng6 11. Nbd2 Re8 12. Bb3 Be6 {A slightly unusual twist.} (
12... h6 13. Bc2 c6 14. Nf1 d5 {and Black equalized in Anand-Aronian,
Sinquefield Cup 2016.}) 13. Bc2 h6 14. Nf1 exd4 {Hikaru goes for one of the
known ways of resolving the tension in the center.} ({It's no longer possible
to play} 14... d5 {right away, because} 15. exd5 {hits the bishop and Black
loses e5.}) 15. cxd4 d5 ({No one feels up to} 15... c5 16. d5 {not after the
Kramnik-Carlsen game, Norway Chess 2017.}) 16. e5 Ne4 17. N1d2 Bf5 $5 {The
idea of sacrificing a pawn this way is nothing new, but it has to be carefully
considered in every possible situation.} ({Also possible was} 17... Nxd2 18.
Bxd2 c5 19. dxc5 ({The idea to sac on h6,} 19. Qc1 {can always be dealt with:}
Nh4 $1) 19... Bxc5 20. Bxg6 fxg6 {as} 21. Qc2 {wins nothing on account of} Qb6)
18. Nxe4 dxe4 19. Bxe4 Bxe4 20. Rxe4 Qd5 21. Re1 Rad8 22. Be3 {Maxime has a
very healthy approach to opening problems - he takes what is given to him and
tries to work with it. Thus, his qualified success against the Berlin. Here he
realizes his minor pieces are passive, but a pawn is a pawn.} c5 $5 {Hikaru
doesn't believe in blockade. His plan is to trade some pieces and keep on
hitting the e5-pawn.} (22... Ne7 23. b4 Nc6 24. Qc2 {and the weakness on c7
doesn't help Black to restore material balance.}) 23. dxc5 Bxc5 24. Bxc5 Qxc5
25. Qb3 Qd5 26. Qe3 f6 $2 (26... Nxe5 27. Nxe5 f6 28. f4 fxe5 29. fxe5 {
Much better interpretation of the same idea was} Re6 {and now, with the
knights gone from the board Black welcomes} 30. Rad1 Qxd1 31. Rxd1 Rxd1+ 32.
Kh2 Rd5 {with open arms.}) 27. Rad1 $1 {Impeccable timing.} Qxd1 {One of the
most difficult thing to do in chess is to evaluate positions with unbalanced
material. Most of the time a pair of rooks will be a match for a queen, but
not here.} ({Possibly better was} 27... Qe6 28. Rxd8 Rxd8 29. exf6 Qxe3 30.
Rxe3 gxf6 31. g3 {but this pawn down ending is a hard sell.}) 28. Rxd1 Rxd1+
29. Kh2 Rd7 30. Qb3+ Kh7 31. exf6 gxf6 {The black king is dangerously open,
but how to bring in the knight?} 32. Nd4 $1 {Simple, yet brilliant.} Re5 (32...
Rxd4 33. Qf7+) 33. Ne6 b5 34. axb5 Rxb5 (34... axb5 35. f4 Red5 36. f5 $1 {
Once Ne6 is supported Black won't have a chance, but} Rxf5 {meets with} 37. Qc2
Rfd5 38. Nf4 $1 {and wins by force after} ({than} 38. Nf8+ Kg7) 38... Rg5 39.
h4) 35. Qc2 f5 36. Qc6 (36. g4 Rf7 37. Nd4 Rd5 38. Nxf5 {would have been
enough.}) 36... Rf7 37. Nd8 $1 {As a true Frenchman, Maxime has a flair for
the dramatics.} Re7 38. Qf6 a5 {Hikaru is powereless to regain coordination of
his pieces.} 39. h4 f4 40. Ne6 Reb7 ({Black's best bet was} 40... Re5 {to beg
White to take the f4-pawn and trade knights.} 41. Nxf4 Nxf4 42. Qxf4 {White
should prevail, as in} Rb5 43. g4 Reb7 44. h5 Rxb2 45. Qe4+ Kg8 46. Qe8+ Kg7
47. Qg6+ {taking h6 with check.}) 41. Nd4 $1 {Incredibly enough, the knight
returns to the center, this time to the decisive effect.} R5b6 42. Qf5 Kg8 43.
Ne6 Nxh4 44. Qg4+ Kh7 45. Nf8+ Kh8 46. Qxh4 Kg7 47. Nd7 1-0

[Event "Saint Louis blitz"]
[Site "Saint Louis"]
[Date "2017.08.18"]
[Round "15"]
[White "Navara, David"]
[Black "Nakamura, Hikaru"]
[Result "0-1"]
[WhiteElo "2737"]
[BlackElo "2792"]
[PlyCount "162"]
[EventDate "2017.08.17"]
[EventType "tourn (blitz)"]
[EventRounds "18"]
[EventCountry "USA"]
[EventCategory "21"]
[SourceTitle "CBM 180"]
[Source "ChessBase"]
[SourceDate "2017.09.13"]
[SourceVersion "1"]
[SourceVersionDate "2017.09.13"]
[SourceQuality "1"]

1. d4 Nf6 2. c4 g6 3. Nf3 Bg7 4. g3 O-O 5. Bg2 d6 6. Nc3 Nc6 7. O-O Bg4 8. d5
Na5 9. b3 c5 10. dxc6 bxc6 11. Bb2 Rb8 12. Qd2 Qc7 13. Rad1 Rfd8 14. h3 Be6 15.
Ba1 Nb7 16. Nd4 Bd7 17. Kh2 Nc5 18. e4 a5 19. Nc2 Be6 20. f4 a4 21. b4 Na6 22.
b5 Nc5 23. Nb4 Bxc4 24. Nxc6 Bxb5 25. Nxd8 Bxf1 26. Bxf1 Rxd8 27. e5 Nfe4 28.
Nxe4 Nxe4 29. Qd4 Qc2+ 30. Bg2 d5 31. Qb6 Rc8 32. Rxd5 Qxa2 33. Rd8+ Rxd8 34.
Qxd8+ Bf8 35. Qd4 Nd2 36. Qb2 Qxb2 37. Bxb2 e6 38. Bc3 Nc4 39. Be4 a3 40. Bb1
Bc5 41. Kg2 Ne3+ 42. Kf3 Nd5 43. Ba1 Bb4 44. Ba2 Ne7 45. g4 h5 46. Ke4 Kg7 47.
Bb3 Bd2 48. Bd4 Bb4 49. Be3 Kf8 50. Bf2 Nc6 51. f5 gxf5+ 52. gxf5 exf5+ 53.
Kxf5 Kg7 54. Ba2 Bc3 55. Bc5 Bb4 56. Be3 Be7 57. e6 f6 58. Bd2 Bd6 59. Bc3 Ne7+
60. Ke4 Kg6 61. Bb1 f5+ 62. Kd4 Kf6 63. Ba2 Be5+ 64. Kd3 Bxc3 65. Kxc3 Ng6 66.
Kb4 Nf4 67. h4 Ng6 68. Kxa3 Nxh4 69. Kb4 Ng6 70. Kc5 Ne7 71. Kd6 f4 72. Bc4 f3
73. Kd7 Nf5 74. Bd3 f2 75. Bf1 h4 76. Bh3 Ne7 77. Kd6 Ng6 78. Kd7 Nf8+ 79. Kd6
Nxe6 80. Bf1 Nf4 81. Kc5 h3 0-1

[Event "PRO League Stage"]
[Site "Chess.com INT"]
[Date "2018.02.28"]
[Round "8"]
[White "Izoria, Zviad"]
[Black "Nakamura, Hikaru"]
[Result "1/2-1/2"]
[WhiteElo "2599"]
[BlackElo "2781"]
[PlyCount "79"]
[EventDate "2018.01.18"]
[EventType "team-swiss (rapid)"]
[EventRounds "9"]
[EventCountry "USA"]
[SourceTitle "EXT 2019"]
[Source "ChessBase"]
[SourceDate "2018.10.10"]
[SourceVersion "1"]
[SourceVersionDate "2018.10.10"]
[SourceQuality "1"]
[WhiteTeam "San Jose Hackers"]
[BlackTeam "Seattle Sluggers"]
[WhiteTeamCountry "USA"]
[BlackTeamCountry "USA"]

1. d4 e6 2. c4 b6 3. e3 Bb7 4. Nc3 Bb4 5. Nge2 Nf6 6. a3 Be7 7. Nf4 O-O 8. Bd3
d5 9. cxd5 exd5 10. b4 c5 11. bxc5 bxc5 12. dxc5 Nbd7 13. O-O Nxc5 14. Be2 Bd6
15. Nb5 Be5 16. Rb1 Nfe4 17. Bb2 Bxb2 18. Rxb2 Qa5 19. Qe1 Qxe1 20. Rxe1 Rfd8
21. f3 Nf6 22. Nd4 Bc8 23. Rc1 Ne6 24. Nfxe6 fxe6 25. Nc6 Re8 26. Ne5 Re7 27.
Bb5 Bb7 28. Rbc2 Rb8 29. Rc7 Kf8 30. f4 d4 31. exd4 Rxc7 32. Rxc7 Be4 33. a4 a6
34. Bxa6 Rb1+ 35. Kf2 Rb2+ 36. Ke1 Rb1+ 37. Kd2 Rb2+ 38. Ke1 Rb1+ 39. Kd2 Rb2+
40. Ke1 1/2-1/2